UM Logo

Educational planning / (Record no. 20277)

MARC details
000 -LEADER
fixed length control field 01126nam a22003017a 4500
008 - FIXED-LENGTH DATA ELEMENTS--GENERAL INFORMATION
fixed length control field 240513b ||||| |||| 00| 0 eng d
020 ## - INTERNATIONAL STANDARD BOOK NUMBER
International Standard Book Number 9710858076
082 ## - DEWEY DECIMAL CLASSIFICATION NUMBER
Classification number DFil 371.207
Item number Ed8 1994
100 ## - MAIN ENTRY--PERSONAL NAME
Personal name Arcelo, Adriano.
9 (RLIN) 57084
245 ## - TITLE STATEMENT
Title Educational planning /
Statement of responsibility, etc. Adriano Arcelo and twelve others.
260 ## - PUBLICATION, DISTRIBUTION, ETC. (IMPRINT)
Place of publication, distribution, etc. Manila :
Name of publisher, distributor, etc. National Book Store, Inc.,
Date of publication, distribution, etc. ©1994.
300 ## - PHYSICAL DESCRIPTION
Extent xxvii, 624 pages :
Other physical details illustrations ;
Dimensions 25 cm.
500 ## - GENERAL NOTE
General note Includes bibliography.
650 ## - SUBJECT ADDED ENTRY--TOPICAL TERM
Topical term or geographic name as entry element Educational planning
Geographic subdivision Philippines.
9 (RLIN) 57322
700 ## - ADDED ENTRY--PERSONAL NAME
Personal name Arica, Florencio Jr.
Relator term author
9 (RLIN) 57085
700 ## - ADDED ENTRY--PERSONAL NAME
Personal name Bacani, Ramon.
Relator term author.
9 (RLIN) 57086
700 ## - ADDED ENTRY--PERSONAL NAME
Personal name Caluag, Aida.
Relator term author.
9 (RLIN) 57087
700 ## - ADDED ENTRY--PERSONAL NAME
Personal name Custodio, Lourdes.
Relator term author.
9 (RLIN) 57088
700 ## - ADDED ENTRY--PERSONAL NAME
Personal name Dagot, Edilberto.
Relator term author.
9 (RLIN) 57089
700 ## - ADDED ENTRY--PERSONAL NAME
Personal name Fuerte, Virgilio.
Relator term author.
9 (RLIN) 57090
700 ## - ADDED ENTRY--PERSONAL NAME
Personal name Juguilon, Aurelio.
Relator term author.
9 (RLIN) 57091
700 ## - ADDED ENTRY--PERSONAL NAME
Personal name Luayon, Agapito.
Relator term author.
9 (RLIN) 57092
700 ## - ADDED ENTRY--PERSONAL NAME
Personal name Mendoza, Edmund.
Relator term author.
9 (RLIN) 57093
700 ## - ADDED ENTRY--PERSONAL NAME
Personal name Navarro, Rosita.
Relator term author.
9 (RLIN) 57094
700 ## - ADDED ENTRY--PERSONAL NAME
Personal name Santos, Felix Jr.
Relator term author.
9 (RLIN) 57095
700 ## - ADDED ENTRY--PERSONAL NAME
Personal name Viray, Melvyn.
Relator term author.
9 (RLIN) 57096
942 ## - ADDED ENTRY ELEMENTS (KOHA)
Source of classification or shelving scheme Dewey Decimal Classification
Koha item type Filipiniana
Holdings
Withdrawn status Lost status Source of classification or shelving scheme Damaged status Not for loan Collection code Home library Current library Shelving location Date acquired Source of acquisition Total Checkouts Full call number Barcode Date last seen Date last checked out Price effective from Koha item type
    Dewey Decimal Classification     Filipiniana UM Digos College - LIC UM Digos College - LIC Book Cart 05/13/2024 Purchased 3 DFil 371.207 Ed8 1994 12577 05/15/2025 02/21/2025 05/13/2024 Filipiniana